Los ingredientes naturales de la Amazonia colombiana: (Registro nro. 19512)
[ vista simple ]
| 000 -CABECERA | |
|---|---|
| Campo de control | 01481nam a2200337 a 4500 |
| 005 - FECHA Y HORA DE LA ULTIMA TRANSACCION | |
| Campo de control | 20180803170403.0 |
| 008 - ELEMENTOS DE LONGITUD FIJA—INFORMACION GENERAL | |
| Campo de control | 170531b2017 ck do|||r|||| 00| 0 spa d |
| 020 ## - ISBN | |
| ISBN | 9789585951389 |
| 040 ## - FUENTE DE CATALOGACIÓN | |
| Agencia catalogadora original | CO-BoIAVH |
| Agencia transcriptora | CO-BoIAVH |
| 041 0# - IDIOMA | |
| Código de idioma para texto/pista de sonido o título separado | Español |
| 044 ## - PAÍS DE PUBLICACIÓN | |
| País de publicación | Colombia |
| 082 04 - NUMERO DE CLASIFICACION DECIMAL DEWEY | |
| Número de clasificación | 641.3 |
| Número del ítem | C23i |
| 100 1# - ASIENTO PRINCIPAL--NOMBRE PERSONAL | |
| Nombre personal | Carrillo Bautista, Marcela Piedad |
| Término relacionado | autora |
| 9 (RLIN) | 57681 |
| 245 14 - MENCION DE TITULO | |
| Título | Los ingredientes naturales de la Amazonia colombiana: |
| Parte restante del título | sus aplicaciones y especificaciones técnicas / |
| Mención de responsabilidad | María Piedad Carrillo Bautista [y otros 6] |
| 246 11 - FORMA VARIANTE DEL TITULO | |
| Título propiamente dicho/forma breve del título | Natural ingredients from amazonian plant species: |
| Parte restante del título | applications and techincal specifications |
| 250 ## - MENCION DE EDICION | |
| Mención de edición | Primera edición |
| 260 ## - PUBLICACION, DISTRIBUCION, ETC. (PIE DE IMPRENTA) | |
| Lugar de publicación, distribución, etc. | Bogotá (Colombia) : |
| Nombre del editor, distribuidor, etc. | Instituto Amazónico de Investigaciones Científicas - Sinchi, |
| Fecha de publicación, distribución, etc. | 2017. |
| 300 ## - DESCRIPCION FISICA | |
| Extensión | 112 páginas : |
| Otros detalles físicos | tablas y fotografías a color ; |
| Dimensiones | 18 x 25 cm. |
| 504 ## - NOTA DE BIBLIOGRAFIA, ETC. | |
| Nota de bibliografía | Incluye referencias bibliográficas: páginas 111-112. |
| 650 26 - ASIENTO SECUNDARIO DE MATERIA - TERMINO TEMATICO | |
| Término temático o nombre geográfico como elemento de entrada | Ingredientes |
| 9 (RLIN) | 81730 |
| 650 26 - ASIENTO SECUNDARIO DE MATERIA - TERMINO TEMATICO | |
| Término temático o nombre geográfico como elemento de entrada | Economía ambiental |
| 9 (RLIN) | 92824 |
| 650 26 - ASIENTO SECUNDARIO DE MATERIA - TERMINO TEMATICO | |
| Término temático o nombre geográfico como elemento de entrada | Productos forestales |
| 9 (RLIN) | 81737 |
| 651 #4 - ASIENTO SECUNDARIO DE MATERIA - NOMBRE GEOGRAFICO | |
| Nombre geográfico | Amazonia (Región, Colombia) |
| 9 (RLIN) | 81738 |
| 700 1# - ASIENTO SECUNDARIO - NOMBRE PERSONAL | |
| Nombre personal | Cardona Jaramillo, Juliana Erika Cristina |
| Término de relación | autora |
| 9 (RLIN) | 81731 |
| 700 1# - ASIENTO SECUNDARIO - NOMBRE PERSONAL | |
| Nombre personal | Díaz Salcedo, Raquel Oriana |
| Término de relación | autora |
| 9 (RLIN) | 81732 |
| 700 1# - ASIENTO SECUNDARIO - NOMBRE PERSONAL | |
| Nombre personal | Orduz Díaz, Luisa Lorena |
| Término de relación | autora |
| 9 (RLIN) | 81733 |
| 700 1# - ASIENTO SECUNDARIO - NOMBRE PERSONAL | |
| Nombre personal | Mosquera Narváez, Luis Eduardo |
| Término de relación | autor |
| 9 (RLIN) | 81734 |
| 700 1# - ASIENTO SECUNDARIO - NOMBRE PERSONAL | |
| Nombre personal | Hernández Gómez, María Soledad |
| Término de relación | autora |
| 9 (RLIN) | 478 |
| 700 1# - ASIENTO SECUNDARIO - NOMBRE PERSONAL | |
| Nombre personal | Peña Rojas, Luisa Fernanda |
| Término de relación | autora |
| 9 (RLIN) | 81739 |
| 942 ## - ELEMENTOS ADICIONALES (KOHA) | |
| Sistema de clasificación | Dewey Decimal Classification |
| Tipo de ítem | Libro |
| Withdrawn status | Lost status | Sistema de Clasificación | Damaged status | No para préstamo | Colección | Inventariado | Ubicación Permanente | Ubicación actual | Fecha de adquisición | Fuente de Valor | Valor | Total Checkouts | Número topográfico | Inventario / Código de Barras | Date last seen | Ejemplar | Price effective from | Forma de adquisición | Tipo de material |
|---|---|---|---|---|---|---|---|---|---|---|---|---|---|---|---|---|---|---|---|
| Dewey Decimal Classification | General | Inventariado 2017 | Bogotá | Bogotá | 31/05/2017 | Instituto | 39000.00 | LB-641.3 C23i | 041304 | 31/05/2017 | Ej. 1 | 31/05/2017 | Donación | Libro | |||||
| Dewey Decimal Classification | General | Inventariado 2017 | Sala Fabio Quevedo | Sala Fabio Quevedo | 23/08/2017 | Instituto | 39000.00 | LB-641.3 C23i | 042796 | 23/08/2017 | Ej. 2 | 23/08/2017 | Canje | Libro |